000 00803nam a2200241Ia 4500
003 OSt
005 20220923220903.0
006 a|||||r|||| 00| 0
007 ta
008 220922b |||||||| |||| 00| 0 hin d
024 _a191,905
037 _cTextual
040 _aARTS
_cARTS
_bhin
041 _2hin
_ahin
082 _aV2.N7, N4;N7-;1
100 _aबिपनचंद्र
245 0 _aआधुनिक भारत में विचारधारा और राजनीति
246 _aĀdhunik bhārat mean vichāradhārā aur rājanīti
260 _aदिल्ली
_b अनामिका पब्लि0
_c1997
300 _a292पृ.
_ccm.
942 _hV2.N7, N4;N7-;1
_cTEXL
_2CC
999 _c344561
_d344561